| 000 | 00000nas 2200000zi 4500 |
| 001 | 9.872115 |
| 003 | CaOODSP |
| 005 | 20221107163551 |
| 006 | m o d f |
| 007 | cr bn |||||||| |
| 008 | 190426d19861989oncar p o f0###b0fre|d |
| 040 | |aCaOODSP|bfre|erda|cCaOODSP |
| 043 | |an-cn--- |
| 086 | 1 |aC1F-PDF|zC1-1985|zC1-1986|zC1-1987|zC1-1988 |
| 110 | 1 |aCanada. |bMinistère de l'expansion industrielle régionale. |
| 245 | 10|aRapport annuel. |
| 246 | 3 |iLes livre de 1984/1985 - 1987/1988 comportent le titre : |aRapport annuel du MEIR |
| 264 | 1|a[Ottawa] : |bMinistère de l'expansion industrielle régionale, |c1986-1989. |
| 310 | |aAnnuel |
| 336 | |atexte|btxt|2rdacontent/fre |
| 337 | |ainformatique|bc|2rdamedia/fre |
| 338 | |aressource en ligne|bcr|2rdacarrier/fre |
| 362 | 1 |aParaît depuis 1984/1985; ne paraît plus après 1987/1988. |
| 500 | |aPublié aussi en anglais sous le titre : Annual report. |
| 500 | |aÉdition numérisée de l'imprimé [par Innovation, Sciences et Développement économique Canada]. |
| 692 | 07|2gccst|aCommerce |
| 775 | 08|tAnnual report.|w(CaOODSP)9.872107 |
| 780 | 00|tRapport annuel du Ministère de l'Industrie et du Commerce.|w(CaOODSP)9.872040 |
| 785 | 00|tMEIR et MEST, rapport annuel.|w(CaOODSP)9.872127 |